Long range planning international journal of strategic management
Saved in:
| Format: | Serial |
|---|---|
| Language: | English |
| Published: |
Oxford
Elsevier Science
2017
|
| Tags: |
No Tags, Be the first to tag this record!
|
MARC
| LEADER | 00000nas2a2200000 4500 | ||
|---|---|---|---|
| 001 | 0238572 | ||
| 005 | 20220303134056.5 | ||
| 022 | |a 0024-6301 | ||
| 041 | 0 | |a eng | |
| 044 | |a GB | ||
| 245 | 1 | 0 | |a Long range planning |b international journal of strategic management |
| 264 | 1 | |a Oxford |b Elsevier Science |c 2017 | |
| 773 | 0 | |w eu_un_cat*s120172 | |
| 774 | 0 | |w eu_un_cat*0282351 | |